Normal view
MARC view
Entry Geographic Name
001 - CONTROL NUMBER
- control field: 6866
003 - CONTROL NUMBER IDENTIFIER
- control field: ARRUPE
005 - DATE AND TIME OF LATEST TRANSACTION
- control field: 20140121145701.0
008 - FIXED-LENGTH DATA ELEMENTS
- fixed length control field: 140121|| aca||aabn | a|a d
040 ## - CATALOGING SOURCE
- Original cataloging agency: ARRUPE
- Transcribing agency: ARRUPE
151 ## - HEADING--GEOGRAPHIC NAME
- Geographic name: Burkina Faso
- General subdivision: History
- General subdivision: Chronology.
670 ## - SOURCE DATA FOUND
- Source citation: Work cat.: (ARRUPE)0: McFarland, Daniel Miles. 6863, Historical dictionary of Upper Volta (Haute Volta) /, 1978.